00386nam a2200169Ia 4500003000400000005001700004008004100021020001900062040000700081041000800088082001600096100001000112245002800122260003800150300000900188650001900197OSt20250823112433.0250729s2004 xx 000 0 und d a978-8176480642 cAL aeng a372.28 NASE aNasir aEnvironmental education aNew DelhibA P H Publishingc2004 a234p aEnviournmental